• 首页
  • 本馆介绍
  • 公告通知
  • 最新文献
  • 馆藏检索
  • 电子资源
  • 读者导购
  • 参考咨询
  • 我的图书馆
  • 登录
  • 详细信息显示
  • 放入我的书架
  • 预约/预借图书
  • 作者相关作品
  • 分类相关作品
  • 丛书相关作品
  • 出版社相关作品

书目信息

  • 表格格式
  • 工作单格式
  • 卡片格式
题名:
无机合成
    
 
作者: 巴索尔 著 ;张靓华 译
分册: 第十六卷  
出版信息: 北京   科学出版社  1986
页数: 275页
开本: 19cm
丛书名:
单 册:
中图分类: O611.6
科图分类:
主题词: 无机化学
电子资源:
ISBN:
000 00669nam0 2200241 45
001 0186010185
005 20060331102602.34
010    @dCNY2.55
091    @a13031.3215
100    @a19900818d1986 kemy0chiy0121 ea
101 1  @achi@ceng
102    @aCN@b110000
105    @ay z 000yy
200 10 @a无机合成@Awu ji he cheng@h第十六卷@f(美)F·巴索尔著@F(mei)F·ba suo er zhu@g张靓华译
210    @a北京@c科学出版社@d1986
215    @a275页@d19cm
606 0  @a无机化学
690    @aO611.6@v4
701  0 @a巴索尔@Aba suo er@4著
702  0 @a张靓华@Azhang jing hua@4译
801  2 @aCN@bNLC@c20060331
801  0 @aCN@b深圳图书馆@c20040524
905    @dO611.6@e2:16
    
    无机合成.第十六卷/(美)F·巴索尔著/张靓华译.-北京:科学出版社,1986
    275页;19cm
    
    
    ISBN :CNY2.55
    
●
相关链接 在E读中查询图书 在五车中查询图书 在当当中查询图书 在豆瓣中查询图书


正题名:无机合成     索取号:O611.6/2:16         预约/预借

序号 登录号 条形码 馆藏地/架位号 状态 备注
1 0166037   000349386   第三借阅区/ [索取号:O611.6/2:16] 在馆    
2 0166038   202232093   密集书库/ [索取号:O611.6/2:16] 在馆    
3 0166039   000349395   第二样本阅览室/ [索取号:O611.6/2:16] 在馆    
唐山师范学院图书馆 欢迎您!
大连网信软件有限公司© 版权所有